000261796 001__ 261796
000261796 005__ 20250818173153.0
000261796 0247_ $$aG:(GEPRIS)426971472$$d426971472
000261796 035__ $$aG:(GEPRIS)426971472
000261796 040__ $$aGEPRIS$$chttp://gepris.its.kfa-juelich.de
000261796 150__ $$aTranslationale Pathologie (Z04)$$y2019 -
000261796 371__ $$aProfessor Dr. Reinhard Büttner
000261796 371__ $$aProfessor Dr. Alexander Quaas
000261796 371__ $$aProfessorin Dr. Anne M. Schultheis
000261796 371__ $$aPrivatdozent Dr. Udo Siebolts
000261796 450__ $$aSFB 1399 Z04$$wd$$y2019 -
000261796 5101_ $$0I:(DE-588b)2007744-0$$aDeutsche Forschungsgemeinschaft$$bDFG
000261796 550__ $$0G:(GEPRIS)413326622$$aSFB 1399: Mechanismen der Medikamenten-Empfindlichkeit und -Resistenz beim kleinzelligen Bronchialkarzinom$$wt
000261796 680__ $$aA. Quaas, A. Schultheis und U. Siebolts werden in der zweiten Förderperiode den SFB1399 mit hochqualitativer histologischer und immunhistochemischer Expertise unterstützen. In der ersten Förderperiode haben sie unzählige Gewebe untersuchen und genau charakterisieren können für diverse Teilprojekte. Sie werden diese Verfahren noch erweitern und so u.a. fluorescence-in-situ Hybridisierung (FISH), in situ mRNA Hybridisierung, Anfertigung von Tissue Micro Arrays und Anreicherung von Tumorzellen für unterschiedliche nachgeschaltete Analysen (z.B., mittels Laser Mikrodissektion). Wegen dieser Technologien und der Unterstützung mit ihren großen Biomaterialbanken sind sie zu einem zentralen Bestandteil unseres SFB geworden.
000261796 909CO $$ooai:juser.fz-juelich.de:928399$$pauthority$$pauthority:GRANT
000261796 909CO $$ooai:juser.fz-juelich.de:928399
000261796 980__ $$aG
000261796 980__ $$aAUTHORITY